000 00286nam a22001337a 4500
008 170301b xxu||||| |||| 00| 0 eng d
020 _a0443082812
041 _aeng
080 _a61
100 _a6
101 _aSHM
245 _aBASIC OF ANESTHESIA
_cSTOELTING, R.K
942 _2udc
_cBK
999 _c6515
_d6515